Normal view
MARC view
- Zaidi, Syed Muhammad Hani Haider
Entry Personal Name
001 - CONTROL NUMBER
- control field: 130548
003 - CONTROL NUMBER IDENTIFIER
- control field: NUST
005 - DATE AND TIME OF LATEST TRANSACTION
- control field: 20250922115339.0
008 - FIXED-LENGTH DATA ELEMENTS
- fixed length control field: 250922|| aca||aabn | a|a d
040 ## - CATALOGING SOURCE
- Original cataloging agency: NUST
- Transcribing agency: NUST
100 ## - HEADING--PERSONAL NAME
- Personal name: Zaidi, Syed Muhammad Hani Haider
670 ## - SOURCE DATA FOUND
- Source citation: Work cat.: (NUST): Zaidi, Syed Muhammad Hani Haider, Developing a Local Supply Chain for Lithium-Ion Batteries: Opportunities & Challenges in the Pakistani Landscape/
